| 000 | 00612cam a2200181 a 4500 | ||
|---|---|---|---|
| 020 | _a3764313358 | ||
| 082 | 0 | 0 |
_a621 _bNEW _cL-9, P-77 |
| 245 | 0 | 0 |
_aNew trends in research and utilization of solar energy through biological systems / _cedited by Hans Mislin, Reinhard Bachofen. |
| 260 |
_aBasel ; _aBoston : _bBirkhäuser Verlag, _c1982. |
||
| 300 |
_a156 p. : _bill. ; _c31 cm. |
||
| 526 |
_a0 _b0 _c0 _d621_000000000000000_NEW |
||
| 650 | 0 |
_aBiomass energy. _92612 |
|
| 650 | 0 |
_aMCE _9379 |
|
| 650 | 0 | _aSolar energy. | |
| 700 | 1 |
_aBachofen, Reinhard. _941111 |
|
| 700 | 1 |
_aMislin, Hans, _941112 |
|
| 942 |
_2ddc _cBK |
||
| 999 |
_c545301 _d545301 |
||